000 00682nam a2200253Ia 4500
003 OSt
005 20220928123948.0
006 a|||||r|||| 00| 0
007 ta
008 220927b |||||||| |||| 00| 0 eng d
024 _a65729
037 _cTextual
040 _aSDCL
_cSDCL
_beng
041 _2eng
_aeng
082 _aX, P5
100 _aSalemi Michael K
_9462698
245 0 _aDiscussing economics.
260 _aCheltenham
_bEdward Elgar Publishing
_c2005
300 _axv,285p, Bib p. 287-290
_ccm.
650 _aEconomics
700 _a Hansen W Lee
_9462699
942 _hX, P5
_cTEXL
_2CC
999 _c775660
_d775660